000 00228nam a2200097Ia 4500
008 240625s9999 xx 000 0 und d
041 _aeng
082 _a808.20 CHA
100 _aCHAKRABORTY RISHUBH
245 _aBUSINESS DEVELOPMENT
999 _c37624
_d37624